| 000 | 00910nam a22001937a 4500 | ||
|---|---|---|---|
| 005 | 20210414113950.0 | ||
| 008 | 120530t xxu||||| |||| 00| 0 eng d | ||
| 020 | _a1861526598 | ||
| 050 | _aHF5549.L965 | ||
| 100 | _aLundy, Olive. | ||
| 245 |
_aStrategic human resource management. / _cOlive Lundy and Alan Cowling |
||
| 260 |
_aAustrlia: _bThomson, _c1996. |
||
| 300 |
_avii, 400 p. : _bill. ; _c21.5 cm. |
||
| 500 | _aIncludes index. | ||
| 505 | _aContents: The Concept of strategy -- The Emergence of strategic human resource management -- Strategic management -- Strategic structures -- Culture, strategy and change -- Human resource planning and human resource strategy -- Strategic selection -- Strategic training and development -- The Strategic management of motivation and rewards -- Strategic employee relation. | ||
| 650 | _aPersonnel management. | ||
| 700 | _aCowling, Alan | ||
| 942 |
_2lcc _cBK |
||
| 999 |
_c1031 _d8531 |
||